| 000 | 00931nam a2200313Ia 4500 | ||
|---|---|---|---|
| 008 | 160803s9999 xx 000 0 und d | ||
| 020 | _a978-0545021388 | ||
| 100 | _aStilton, Geronimo | ||
| 245 | 2 | _aA fabumouse school adventure / | |
| 245 | _cGeronimo Stilton ; illustrations by Alessandro Pastrovicchio ; English translation by Atlantyca S.p.A. | ||
| 260 | _aNew York : | ||
| 260 | _bScholastic Inc. | ||
| 260 | _c2009 | ||
| 300 | _a111 pages : | ||
| 300 | _bcolor illustrations, maps ; | ||
| 300 | _c20 cm. | ||
| 440 | _aGeronimo Stilton : | ||
| 440 | _vbk. 38 | ||
| 500 | _aTranslation of: Scuola de formaggio. | ||
| 650 | _aMice -- | ||
| 650 | _aOccupations -- | ||
| 650 | _aSchools -- | ||
| 650 | _aStilton, Geronimo (Fictitious character) -- | ||
| 650 | _xJuvenile fiction. | ||
| 650 | _xJuvenile fiction. | ||
| 650 | _xJuvenile fiction. | ||
| 650 | _xJuvenile fiction. | ||
| 700 | _a660 | ||
| 999 |
_c299597 _d299597 |
||